00359nam a2200145Ia 4500003000400000005001700004008004100021040000700062041000800069082002000077100001800097245005300115260003700168365000800205OSt20230529115100.0210423s1983 xx 000 0 und d cAL aeng a616.89 BERL223 aBERNE (Eric). aLaymans guide to psychiatry and psycho analysis. aEnglandbPenguin Books Ltdc1983 cINR